Estadísticas para Máximos goleadores en la historia del Athletic Club

Haz click aquí para intentar la prueba.

Estadísticas generales

  • Esta prueba ha sido intentada 31 veces
  • La puntuación promedio es 3 de 10

Estadísticas de respuestas

GolesNacionalidadJugador% Correcto
170EspañaAritz Aduriz
89%
335EspañaTelmo Zarra
82%
116EspañaFernando Llorente
54%
121EspañaIsmael Urzaiz
46%
145EspañaPiru Gaínza
18%
172EspañaJosé Panizo
14%
113EspañaBata
11%
130EspañaEneko Arieta
11%
120EspañaGuillermo Gorostiza
7%
111EspañaRafael Iriondo
7%

Distribución de puntuación

Porcentaje por número respondido

Porcentaje de gente con cada puntuación

Historial de tus puntuaciones

No has intentado esta prueba.